Fr. Conceicao Rodrigues College of Engineering

Mechanic Motor Vehicle 2nd Year Trade Theory (Record no. 34148)

MARC details
000 -LEADER
fixed length control field 00402nam a2200157Ia 4500
082 ## - DEWEY DECIMAL CLASSIFICATION NUMBER
Classification number 629.2
Item number CIMI
100 ## - MAIN ENTRY--PERSONAL NAME
Personal name CIMI-D.G.T.Z
245 ## - TITLE STATEMENT
Title Mechanic Motor Vehicle 2nd Year Trade Theory
260 ## - PUBLICATION, DISTRIBUTION, ETC.
Name of publisher, distributor, etc. Prism Books Pvt.Ltd-CIMI
Place of publication, distribution, etc. Bangalore
Date of publication, distribution, etc. 1998
300 ## - PHYSICAL DESCRIPTION
Extent 105
546 ## - LANGUAGE NOTE
Language note ENGLISH
650 ## - SUBJECT ADDED ENTRY--TOPICAL TERM
Topical term or geographic name entry element Automobiles
654 ## - SUBJECT ADDED ENTRY--FACETED TOPICAL TERMS
Focus term Mechanic Motor Vehicle 2nd Year Trade Theory
942 ## - ADDED ENTRY ELEMENTS (KOHA)
Koha item type BOOK
Holdings
Withdrawn status Lost status Damaged status Not for loan Collection Home library Current library Date acquired Total Checkouts Full call number Barcode Date last seen Price effective from Koha item type
        ITI Fr. Agnel's C.Rodrigues College of Engineering Fr. Agnel's C.Rodrigues College of Engineering 17/03/2023   629.2 CIMI ITI428 17/03/2023 17/03/2023 BOOK
        ITI Fr. Agnel's C.Rodrigues College of Engineering Fr. Agnel's C.Rodrigues College of Engineering 17/03/2023   629.2 CIMI ITI429 17/03/2023 17/03/2023 BOOK
        ITI Fr. Agnel's C.Rodrigues College of Engineering Fr. Agnel's C.Rodrigues College of Engineering 17/03/2023   629.2 CIMI ITI430 17/03/2023 17/03/2023 BOOK
        ITI Fr. Agnel's C.Rodrigues College of Engineering Fr. Agnel's C.Rodrigues College of Engineering 17/03/2023   629.2 CIMI ITI431 17/03/2023 17/03/2023 BOOK
        ITI Fr. Agnel's C.Rodrigues College of Engineering Fr. Agnel's C.Rodrigues College of Engineering 17/03/2023   629.2 CIMI ITI432 17/03/2023 17/03/2023 BOOK